| 000 | 00715cam a2200217 a 4500 | ||
|---|---|---|---|
| 001 | 17312715 | ||
| 005 | 20130211130408.0 | ||
| 008 | 120522s2012 njua b 001 0 eng | ||
| 020 | _a0132940299 | ||
| 020 | _a9780132940290 | ||
| 082 | 0 | 0 |
_a660.2812 _223 _bANA |
| 245 | 0 | 0 |
_aAnalysis, Synthesis, and Design of Chemical Processes / _cRichard Turton ... [et al.]. |
| 250 | _a4th ed. | ||
| 260 |
_aUpper Saddle River, NJ : _bPrentice Hall, _cc2013. |
||
| 300 |
_axxxv, 965 p. : _bill. ; _c27 cm. + _e1 CD-ROM (4 3/4 in.) |
||
| 504 | _aIncludes bibliographical references and index. | ||
| 650 | 0 |
_aChemical processes. _932562 |
|
| 653 |
_bChe _cFebruary2013 |
||
| 700 | 1 |
_aTurton, Richard. _932563 |
|
| 942 |
_2ddc _cBB |
||
| 999 |
_c17282 _d17254 |
||